00226nam a2200109Ia 4500008004100000100001400041245001000055260001300065650001400078942000700092999001700099190216s9999||||xx |||||||||||||| ||und|| aKakanadan 0aKoshi bDc Books aMalayalam cBK c26170d26170